000 01408nam a22002773i 4500
001 BDZ0047307737
003 StDuBDS
005 20230206132343.0
007 cr||||||||||||
008 201217s2020 enk go 000|0|eng d
020 _a9783658322229 :
_c3.99
040 _aStDuBDS
100 1 _aThomas, Glatte,
_eauthor.
245 1 0 _aCorporate Real Estate Management /
_cGlatte Thomas.
264 1 _bSpringer Fachmedien Wiesbaden,
_c2020.
300 _a1 online resource
336 _atext
_2rdacontent
337 _aunmediated
_2rdamedia
338 _avolume
_2rdacarrier
520 8 _aThomas Glatte provides a comprehensive view on theessentialsof corporate real estate management (CREM). The author explains in the influence of corporate strategies on real estate strategies for non-property-companies as well as the importance of corporate real estate portfolios, the set-up of CREM organizations and the handling of respective services. He also elaborates the specifics of corporate social responsibility, sustainability, corporate architecture & design and workplace management.
650 7 _aFinance and Accounting
650 7 _aProperty & real estate
650 7 _aEBOOK
690 _96262
_aProperty management
856 4 0 _uhttps://www.vlebooks.com/vleweb/product/openreader?id=RICS&accId=9491556&isbn=9783658322229
_zView on VLEbooks. Logins for members only from [email protected]
999 _c121364
_d121364